| 000 | 00000nam##2200000za#4500 |
| 001 | 9.580112 |
| 003 | CaOODSP |
| 005 | 20210624190901 |
| 007 | cr ||||||||||| |
| 008 | 150406|2014||||xxc|||||o f|0| 0 eng|d |
| 020 | |a978-1-100-24707-6 |
| 040 | |aCaOODSP|beng |
| 043 | |an-cn--- |
| 086 | 1 |aIu172-1/2014-2E-PDF |
| 110 | 1 |aCanada. |bIndustry Canada. |
| 245 | 10|aManagement practices, competition, innovation and the performance of enterprises in Canada / |h[electronic resource]|c[by] Dany Brouillette, Daniel Ershov. |
| 260 | |aOttawa - Ontario : |bIndustry Canada |cc2014. |
| 300 | |a39p.|bgraphs, references, tables |
| 490 | 1 |aEconomic Research and Policy Analysis Branch working paper series|v2014-02 |
| 590 | |a15-11|b2015-03-13 |
| 690 | 07|aBusinesses|2gcpds |
| 775 | 08|tPratiques de gestion, concurrence, innovation et performance des entreprises au Canada / |w(CaOODSP)9.607211 |
| 830 | #0|aEconomic Research and Policy Analysis Branch working paper series ;|v2014-02|w(CaOODSP)9.507626 |
| 856 | 40|ahttp://publications.gc.ca|qPDF|s993 KB|uhttps://publications.gc.ca/collections/collection_2015/ic/Iu172-1-2014-2-eng.pdf|y2014-02 |